| 000 | 01181na a2200385 4500 | ||
|---|---|---|---|
| 001 | 23380 | ||
| 003 | MIRAKIL | ||
| 005 | 20181213154812.0 | ||
| 008 | 170919b tu 000 0 | ||
| 020 | _a9759675609 | ||
| 035 | _a15604 | ||
| 040 |
_aMilas _btur _cTR-AnCHP |
||
| 041 | _atur | ||
| 082 |
_a343.0253 _bB29ö 1999 |
||
| 090 | _a343.0253 B29ö 1999 | ||
| 100 |
_aBaytan, İlhan _d1950- |
||
| 245 |
_aÖzelleştirme _bHukuki yapı _bUygulamalar _bSorunlar _bÖneriler _cİlhan Baytan |
||
| 246 | _aÖneriler | ||
| 246 | _aSorunlar | ||
| 246 | _aUygulamalar | ||
| 246 | _aHukuki yapı | ||
| 260 |
_aAnkara _b[yayl.y.] _c1999 _fTRT Genel Sekreterlik Basım ve Yayın Müdürlüğü Ofset |
||
| 300 |
_avııı, 478 s. _btbl. _c24 sm. |
||
| 500 | _aYapıt yazarından imzalıdır. | ||
| 504 | _aKaynakça var. | ||
| 650 |
_aÖzelleştirme _xSorunlar ve çözümler |
||
| 650 |
_aÖzelleştirme _xHukuk ve mevzuat _zTürkiye |
||
| 650 |
_aÖzelleştirme Hukuku _zTürkiye |
||
| 650 |
_aKamu malları hukuku _xÖzelleştirme _zTürkiye |
||
| 740 | _aÇözümler | ||
| 740 | _aSorunlar | ||
| 740 | _aUygulamalar | ||
| 740 | _aHukuki yapı | ||
| 942 |
_2ddc _cBKS |
||
| 999 |
_c1115 _d1115 |
||